| 000 | 00543nam a2200217Ia 4500 | ||
|---|---|---|---|
| 003 | OSt | ||
| 005 | 20230318110946.0 | ||
| 008 | 210423s2017 xx 000 0 und d | ||
| 020 | _a978-81-291-4389-1 | ||
| 040 | _cAL | ||
| 041 | _aeng | ||
| 082 |
_a823.7 _223 _bAUSD |
||
| 100 |
_aAUSTEN (Jane) _976349 |
||
| 245 | _aDefinitive Jane Austen | ||
| 260 |
_aNew Delhi _bRupa Publications _c2017 |
||
| 300 |
_a747 _bPB |
||
| 365 |
_b395 _cINR |
||
| 650 |
_aEnglish Fiction _976350 |
||
| 906 | _aAusten ; Definitive ; Jane | ||
| 942 |
_2ddc _cBK |
||
| 999 |
_c168705 _d168705 |
||